000 00292nam a2200121Ia 4500
008 190216s9999||||xx |||||||||||||| ||und||
100 _aKulshrestha M K
245 0 _aTheory And Practice Of Management Accounting
260 _bNull
_c1986
300 _a739p
650 _aCommerce
942 _cBK
999 _c5237
_d5237